header

Desperate for authenticity (Record no. 148715)

MARC details
000 -LEADER
fixed length control field 01288nam a2200301Ia 4500
100 1# - MAIN ENTRY--AUTHOR NAME
Personal name Hawley, Patricia.
245 10 - TITLE STATEMENT
Title Desperate for authenticity
260 ## - PUBLICATION, DISTRIBUTION, ETC. (IMPRINT)
Place of publication Lanham, MD :
Name of publisher University Press of America,
Year of publication c2010.
300 ## - PHYSICAL DESCRIPTION
Number of Pages viii, 122 p.
650 #0 - SUBJECT ADDED ENTRY--TOPICAL TERM
Topical Term Feminist theology.
856 40 - ELECTRONIC LOCATION AND ACCESS
Uniform Resource Identifier http://site.ebrary.com/lib/rucke/Doc?id=10435021

No items available.

© 2026 Rongo University
Contact us: librarian | system librarian | Rongo university